000 00823nam a2200193Ia 4500
001 15143
003 GE_BSU
008 181216s||||||||xx |||||||||||||| ||und||
040 _cGE_BSU
080 _a821.353.1-2
100 _aშანშიაშვილი,სანდრო
245 _aდრამები:ჰერერთის გმირები, სპარტაკ,ლატავრა, ბერდო ზმანია. უგვირგვინო მეფენი, როდამ
260 _aტფილისი
260 _bსახელგამი
260 _c1926
300 _a421გვ.20სმ.
653 _aდრამები:ჰერერთის გმირები, სპარტაკ,ლატავრა, ბერდო ზმანია
942 _cBK
999 _c48259
_d48259